MDQL
is popping MORE tags! Check the
thread
!
Quizzes
Events
Quiz Creation
Community
Videos
Private Events
Remove Ads
Sign In
Join for FREE
Feedback
Dark Mode
Quiz Categories
Sports
Geography
Music
Movies
Television
Just For Fun
Miscellaneous
History
Literature
Language
Science
Gaming
Entertainment
Religion
Holiday
For Kids
Quiz Lab
Recent
Popular Today
Quiz Kudos Today
Editor Picks
Curator Picks
Quizzes by...
Day
Popularity
Type
Ratings
Length
Year
Community
Subscriptions
Recent Discussions
Orange Saloon
Badges
Playlists
Quests
Create
Leaderboards
Showdown
Live 5
Trivia Bingo
Activity
Puzzle Library
Sporcle Events
Private Events
Virtual Trivia
Globe League
Become a Host
Pub Owners
SporcleCon
Opinionation
Our Games
Videos
Blog
Mobile Apps
Partnerships
Remove Ads and Go Orange
Feedback
Music
Pop Music
The Beatles
Song
Album
Lyrics
Bands
Singers
Artist
Clip
Rock
Rap
Classical
Billboard
Country Music
Kpop
Taylor Swift
Music
Pop Music
The Beatles
Song
Album
Lyrics
Bands
Singers
Artist
Clip
Rock
Rap
Classical
Billboard
Country Music
Kpop
Taylor Swift
Random Quiz
Search Sporcle
×
Quiz Lab
Quiz Lab
Music
Song
Type in answers that appear in a list
Type in answers that appear in a list
Classic
Best Score? Go Orange.
Guess The Lyrics Stats
Can you name the lyrics to this well known song?
By
campervancanucks
10m
106 Questions
20 Plays
20 Plays
20 Plays
Comments
Comments
Give Quiz Kudos
Give Quiz Kudos
-
- Ratings
hide this ad
Replay
Link that replays current quiz
Next Quiz
Link to next quiz in quiz playlist
You Got
0%
They Got
Avg Score
58%
Avg Friend Score
Upgrade to see
Score Distribution
Jump to the score distribution portion of the page
Score
0/106
Timer
10:00
0
Plays Today
Word
% Correct
and
100%
and
100%
and
100%
You
90%
you
90%
can
90%
you
90%
you
90%
You
90%
you
90%
you
90%
you
90%
you
90%
You
90%
You
90%
can
90%
you
90%
you
90%
your
85%
your
85%
your
85%
your
85%
your
85%
me
80%
me,
80%
me.
80%
can't
80%
me,
80%
can't
80%
me.
80%
to
80%
me
80%
can't
80%
me,
80%
can't
80%
me!
80%
Word
% Correct
that
75%
see
75%
see
75%
be
75%
be
75%
be
75%
be
75%
be
75%
that
75%
When
70%
in
70%
when
70%
will
70%
want,
65%
don't
65%
don't
65%
is
65%
is
65%
it
65%
there
65%
is,
65%
got
60%
you've
55%
but
55%
you've
55%
but
55%
you've
55%
every
55%
but
55%
tell
50%
get
50%
get
50%
down,
50%
my
50%
i'll
50%
i'll
50%
Word
% Correct
down?
50%
i'll
50%
i'll
50%
tell
50%
hear
50%
hear
50%
everything
40%
say
40%
seen
40%
round
35%
round
35%
round
35%
round
35%
bring
25%
heard
25%
sing,
20%
look
20%
may
20%
bird
15%
bird
15%
start
15%
bird
15%
sound
15%
bird
15%
seven
10%
wonders,
10%
green,
10%
prized
10%
possessions
10%
weigh
10%
direction,
10%
broken
10%
awoken,
10%
swing,
10%
Quiz Playlist
Details
Report
Send in Message
Add To Playlist
Classic:
Type in answers that appear in a list
Last Updated: Feb 16, 2017
Quiz Scoreboard
CHALLENGE
Sign Up to Join the Scoreboard
Show All
Scores
Hide
Comments
May contain spoilers
Recently Published
Image Sorting: Flags VI
by Barbecue
Geography
2m
Find the 'City' Movie
by crazypaving
Movies
60s
5x2 Blitz: Bands
by SL_Kpop136
Music
30s
More to Explore
Quiz From the Vault
Featured Blog Post
14 Easter Pick-up Lines to Find Eggs With
hide this ad
You Might Also Like...
Tags
Song Quiz
Known
Today's Top Quizzes in Music
Browse Music
hide this ad
Today's Top Quizzes in Song
Browse Song
Top Contributed Quizzes in Music
1
5X2 Blitz: Bands II
2
5X2 Blitz: The Beatles
3
Taylor Swift All Songs (2024)
4
5X2 Blitz: Billboard
5
5X2 Blitz: Billboard II
6
5X2 Blitz: Album
7
Taylor Swift Logic Puzzle II
8
5X2 Blitz: Singers
9
5X2 Blitz: Rock
10
5X2 Blitz: Lyrics
Explore More
Trending Topics
Disney
Kpop
Anime
Harry Potter
Crossword
NBA
Marvel
NFL
Country
Song
The Office
Soccer
Puzzle
WWE
Pokémon
hide this ad
More By:
campervancanucks
Quiz
Plays
Rating
Category
Featured
Created
Harry Potter Prophecy
866
4.89
Literature
Oct 16, 2016
Mystery Song Lyrics - #10
615
5.00
Music
Jul 2, 2020
Harry Potter Quiz (Guess Answer)
364
1.50
Entertainment
Oct 10, 2016
Crabbe or Goyle?
309
5.00
Literature
Nov 22, 2016
Runaways Lyrics Part One
303
5.00
Music
Jan 29, 2017
Go to Creator's Profile
Score Distribution
Quiz Creator Spotlight
campervancanucks
Follow
Send a Message
Quizzes Created
-
Created Quiz Play Count
-
More By This Creator
Popular Quizzes Today
1
Colored Red Africa Blitz
2
Find the US States - No Outlines Minefield
3
Find the 'City' Movie
4
5x2 Blitz: Bands
5
The Countries of the World
6
Find the US States
7
Find the Countries of Europe - No Outlines Minefield
8
US States
More Music Quizzes
'L' Named Bands & Musicians
Published
Trending Quizzes
Colored Red Europe Blitz I
Colored Red Europe Blitz II
Colored Red Africa Blitz II
Colored Red Europe Blitz III
Colored Red Africa Blitz III
Recently Updated
How Do You Spell That?
pecheneg
Godzilla Movies
pecheneg
Grab Bag: 4-10 Letters
pecheneg
2024 March Madness Bracket
pecheneg
Famous TV Couples
Peacemaker
Champions League XIs: Real Madrid
pecheneg
Largest US Cities 1790-2010
pecheneg
Rides in Walt Disney World
pecheneg
Most Oscar Losses (Acting)
pecheneg
Beyoncé Albums
pecheneg
Trending Topics
Disney
Crossword
Anime
Harry Potter
NBA
Kpop
Marvel
Soccer
NFL
Song
Pokémon
Puzzle
The Office
Country
WWE
Your Account Isn't Verified!
In order to create a playlist on Sporcle, you need to verify the email address you used during registration. Go to your
Sporcle Settings
to finish the process.
Report this User
Report this user for behavior that violates our
Community Guidelines
.
Details:
Send Report
Go to the Sporcle.com Mobile Site →
Comments